[Event "EIBCC 2019"]
[Site "Tallinn"]
[Date "2019.12.07"]
[Round "14.29"]
[White "Volodin, Aleksandr"]
[Black "Rocha, Sergio"]
[Result "1-0"]
[WhiteElo "2401"]
[BlackElo "2249"]
[Annotator "NA"]
[PlyCount "73"]
[EventDate "2019.12.06"]
[EventType "swiss"]
[EventCountry "EST"]
[SourceTitle "playchess.com"]
[Source "ChessBase"]
[SourceQuality "1"]

1. d4 d6 2. Nf3 Bg4 3. g3 Bxf3 4. exf3 d5 5. f4 c6 6. Bg2 e6 7. O-O Nd7 8. Nd2 Bd6 9. Nf3 Ne7 10. Ne5 O-O 11. c3 Nf6 12. Be3 a5 13. h4 a4 14. a3 Qc7 15. Qd3 c5 16. Rad1 Rab8 17. Bf3 b5 18. g4 b4 19. dxc5 Bxe5 20. fxe5 Nd7 21. axb4 Nxe5 22. Bf4 Ra8 23. Qe2 Nxf3+ 24. Qxf3 Qc6 25. Bd6 Rfe8 26. Rfe1 a3 27. bxa3 Rxa3 28. Bxe7 Rxe7 29. Rxd5 Re8 30. Rd3 Qb5 31. Red1 h6 32. g5 hxg5 33. hxg5 Qc4 34. g6 fxg6 35. Rd8 Qb5 36. c4 Qa4 37. Rxe8+ 1-0

[Event "EIBCC 2019"]
[Site "Tallinn"]
[Date "2019.12.07"]
[Round "14.30"]
[White "Meyer, Falko"]
[Black "Sysolyatin, Evgeny"]
[Result "1/2-1/2"]
[WhiteElo "2248"]
[BlackElo "2396"]
[Annotator "NA"]
[PlyCount "184"]
[EventDate "2019.12.06"]
[EventType "swiss"]
[EventCountry "EST"]
[SourceTitle "playchess.com"]
[Source "ChessBase"]
[SourceQuality "1"]

1. d4 d5 2. Nc3 Nf6 3. Bg5 e6 4. e4 dxe4 5. Nxe4 Nbd7 6. Nxf6+ Nxf6 7. Nf3 c5 8. dxc5 Qa5+ 9. c3 Qxc5 10. Be2 Be7 11. O-O O-O 12. Qb3 b6 13. Rad1 Bb7 14. Be3 Qc7 15. h3 Rfd8 16. Rxd8+ Rxd8 17. Rd1 Nd5 18. Bd4 Nf4 19. Qc2 Nxe2+ 20. Qxe2 Qd6 21. Rd2 Qc6 22. Be3 Rxd2 23. Qxd2 Qd5 24. b3 Qxd2 25. Nxd2 Kf8 26. f3 Ke8 27. Kf2 Kd7 28. Ke2 f6 29. Kd3 h5 30. a4 h4 31. a5 Bc5 32. axb6 axb6 33. Bxc5 bxc5 34. b4 cxb4 35. cxb4 Ba6+ 36. Kd4 e5+ 37. Ke4 Ke6 38. Ke3 g5 39. Ne4 Bc4 40. Nc5+ Kd5 41. Ne4 Ke6 42. Nc5+ Kf5 43. Ne4 Ke6 44. Nc5+ Ke7 45. Ne4 Bf1 46. Kf2 Bc4 47. Ke3 Bb5 48. Nc3 Bc4 49. Ne4 Bb5 50. Nc3 Bc6 51. b5 Bb7 52. b6 f5 53. Na4 Kd6 54. Kd3 Kd5 55. Ke3 f4+ 56. Kf2 Kc4 57. Nb2+ Kd4 58. Na4 e4 59. fxe4 Bxe4 60. Nb2 Bb7 61. Na4 Kc4 62. Nb2+ Kc5 63. Nd3+ Kxb6 64. Ne5 Bd5 65. Nf3 Kc5 66. Nxg5 Kd4 67. Nf3+ Ke4 68. Nxh4 Bf7 69. Nf3 Kf5 70. Nd4+ Ke4 71. Ne2 Be8 72. Nc3+ Kd3 73. Nd5 f3 74. gxf3 Kd4 75. Nf4 Ke5 76. Ne2 Bd7 77. Kg3 Bc6 78. f4+ Kf6 79. Nd4 Bd7 80. h4 Be8 81. Kg4 Bd7+ 82. Kg3 Be8 83. Nc2 Kf5 84. Ne3+ Ke4 85. Ng4 Kf5 86. Ne3+ Ke4 87. Nc4 Bh5 88. Nd6+ Kd5 89. Nb5 Ke6 90. Nd4+ Kf6 91. f5 Ke5 92. Ne6 Kxf5 1/2-1/2

[Event "EIBCC 2019"]
[Site "Tallinn"]
[Date "2019.12.07"]
[Round "14.31"]
[White "Kozak, Adam"]
[Black "Martynov, Roman"]
[Result "1-0"]
[WhiteElo "2385"]
[BlackElo "2196"]
[Annotator "NA"]
[PlyCount "106"]
[EventDate "2019.12.06"]
[EventType "swiss"]
[EventCountry "EST"]
[SourceTitle "playchess.com"]
[Source "ChessBase"]
[SourceQuality "1"]

1. Nf3 Nf6 2. g3 b6 3. Bg2 Bb7 4. O-O c5 5. c4 e6 6. Nc3 Be7 7. d4 cxd4 8. Qxd4 d6 9. Rd1 a6 10. Bg5 Nbd7 11. Nd2 Bxg2 12. Kxg2 Rc8 13. Nde4 Rc6 14. Rd2 O-O 15. Rad1 h6 16. Bxf6 Nxf6 17. b3 Qc7 18. Qd3 Rd8 19. Nxf6+ Bxf6 20. Ne4 Be7 21. a4 f5 22. Nc3 d5 23. Qf3 Bb4 24. Rd3 Bxc3 25. Rxc3 Rc8 26. Rcd3 dxc4 27. Rd7 Qe5 28. bxc4 Rxc4 29. Ra7 Rxa4 30. Rdd7 Qe4 31. Rxg7+ Kf8 32. Rh7 Kg8 33. Rxh6 a5 34. Rg6+ Kf8 35. Rf6+ Kg8 36. h4 Rac4 37. Rg6+ Kf8 38. h5 Qxf3+ 39. Kxf3 R4c7 40. Ra6 Rc6 41. Ra7 R8c7 42. Ra8+ Rc8 43. Ra7 R8c7 44. Ra6 Kf7 45. e4 fxe4+ 46. Kxe4 Rc4+ 47. Kf3 R4c6 48. Kg4 Rc4+ 49. f4 R4c6 50. Kg5 Rc5+ 51. Kg4 R5c6 52. Kh4 Rb7 53. Ra8 Rbc7 1-0

[Event "EIBCC 2019"]
[Site "Tallinn"]
[Date "2019.12.07"]
[Round "14.32"]
[White "Marie, Maxime"]
[Black "Krutti, Valer"]
[Result "0-1"]
[WhiteElo "2196"]
[BlackElo "2379"]
[Annotator "NA"]
[PlyCount "56"]
[EventDate "2019.12.06"]
[EventType "swiss"]
[EventCountry "EST"]
[SourceTitle "playchess.com"]
[Source "ChessBase"]
[SourceQuality "1"]

1. c4 c6 2. e4 d5 3. exd5 cxd5 4. d4 Nf6 5. Nc3 e6 6. Nf3 Be7 7. Bd3 dxc4 8. Bxc4 O-O 9. O-O a6 10. Qd3 b5 11. Bb3 Bb7 12. Re1 Nc6 13. Bg5 Nb4 14. Qd2 Rc8 15. Ne5 Nbd5 16. a3 Nxc3 17. bxc3 Ne4 18. Bxe7 Qxe7 19. Qf4 Nxc3 20. Rad1 Nxd1 21. Bxd1 Bd5 22. h4 Rc3 23. h5 h6 24. Bg4 Rfc8 25. Bh3 Qf6 26. Qd2 Rc2 27. Qe3 R8c3 28. Ng4 Qg5 0-1

[Event "EIBCC 2019"]
[Site "Tallinn"]
[Date "2019.12.07"]
[Round "14.33"]
[White "Kourousis, Epaminondas"]
[Black "Muter, Donny"]
[Result "0-1"]
[WhiteElo "2366"]
[BlackElo "2169"]
[Annotator "NA"]
[PlyCount "74"]
[EventDate "2019.12.06"]
[EventType "swiss"]
[EventCountry "EST"]
[SourceTitle "playchess.com"]
[Source "ChessBase"]
[SourceQuality "1"]

1. d4 d6 2. Nf3 Bg4 3. g3 c6 4. Bg2 Nd7 5. O-O e5 6. h3 Bh5 7. c4 Ngf6 8. Nc3 Be7 9. Nh4 Bg6 10. Nxg6 hxg6 11. e3 a5 12. b3 O-O 13. Qc2 Qc7 14. Rd1 Rfe8 15. Rb1 exd4 16. exd4 Bf8 17. a3 d5 18. Bf4 Bd6 19. Bxd6 Qxd6 20. c5 Qc7 21. b4 axb4 22. axb4 b5 23. Ra1 Ra7 24. Ra2 Rea8 25. Rda1 Nf8 26. Ne2 Ne6 27. h4 Nd7 28. Bh3 Ndf8 29. Kg2 Qb7 30. Qb2 Ra6 31. Ra3 R8a7 32. R1a2 Qa8 33. Rxa6 Rxa6 34. Rxa6 Qxa6 35. Kg1 Qa4 36. Kg2 Qd1 37. Nf4 Nxd4 0-1

[Event "EIBCC 2019"]
[Site "Tallinn"]
[Date "2019.12.07"]
[Round "14.34"]
[White "Pershin, Denis"]
[Black "Askerov, Marat"]
[Result "1-0"]
[WhiteElo "2359"]
[BlackElo "2164"]
[Annotator "NA"]
[PlyCount "57"]
[EventDate "2019.12.06"]
[EventType "swiss"]
[EventCountry "EST"]
[SourceTitle "playchess.com"]
[Source "ChessBase"]
[SourceQuality "1"]

1. d4 e6 2. c4 Bb4+ 3. Nc3 Bxc3+ 4. bxc3 f5 5. g3 Nf6 6. Bg2 O-O 7. Nf3 d6 8. O-O c5 9. Nd2 Nc6 10. Bb2 e5 11. Bxc6 bxc6 12. dxc5 dxc5 13. Nb3 Qe7 14. Ba3 Nd7 15. Qd3 Ba6 16. Rfd1 Rad8 17. Qd6 Qxd6 18. Rxd6 Bxc4 19. Rad1 Bxe2 20. R1d2 c4 21. Nc5 Rb8 22. Rxe2 f4 23. gxf4 Nxc5 24. Bxc5 exf4 25. f3 Rb1+ 26. Kf2 Rh1 27. Kg2 Rc1 28. Rd7 Rxc3 29. Bxf8 1-0

[Event "EIBCC 2019"]
[Site "Tallinn"]
[Date "2019.12.07"]
[Round "14.35"]
[White "Duzhakov, Ilya"]
[Black "Morgunov, Marc"]
[Result "1-0"]
[WhiteElo "2346"]
[BlackElo "2141"]
[Annotator "NA"]
[PlyCount "51"]
[EventDate "2019.12.06"]
[EventType "swiss"]
[EventCountry "EST"]
[SourceTitle "playchess.com"]
[Source "ChessBase"]
[SourceQuality "1"]

1. d4 Nf6 2. c4 e6 3. Nf3 Bb4+ 4. Nbd2 O-O 5. a3 Be7 6. e4 d5 7. e5 Ne4 8. Qc2 Nxd2 9. Bxd2 dxc4 10. Bxc4 b6 11. Bd3 h6 12. Be4 c6 13. h4 Ba6 14. Rh3 f5 15. exf6 Bxf6 16. g4 Bxd4 17. g5 h5 18. Bb4 Rf4 19. O-O-O e5 20. Nxe5 Qe8 21. Bh7+ Kh8 22. Ng6+ Kxh7 23. Nxf4+ Kg8 24. Rxd4 c5 25. Re3 Qf8 26. Ng6 1-0

[Event "EIBCC 2019"]
[Site "Tallinn"]
[Date "2019.12.07"]
[Round "14.36"]
[White "Timoshin, Andrei"]
[Black "Lopusiewicz, Piotr"]
[Result "0-1"]
[WhiteElo "2130"]
[BlackElo "2301"]
[Annotator "NA"]
[PlyCount "84"]
[EventDate "2019.12.06"]
[EventType "swiss"]
[EventCountry "EST"]
[SourceTitle "playchess.com"]
[Source "ChessBase"]
[SourceQuality "1"]

1. e4 e5 2. Nf3 Nc6 3. Nc3 Nf6 4. d4 exd4 5. Nxd4 Bb4 6. Nxc6 bxc6 7. Bd3 O-O 8. O-O d5 9. exd5 cxd5 10. h3 c6 11. Qf3 a5 12. Bf4 a4 13. Ne2 Re8 14. Rfd1 a3 15. b3 Qb6 16. c4 Be6 17. Rac1 c5 18. Bg5 dxc4 19. Bxc4 Bxc4 20. Rxc4 h6 21. Be3 Rad8 22. Rdc1 Bd2 23. Bxc5 Qe6 24. Nd4 Rxd4 25. Bxd4 Bxc1 26. Rxc1 Ne4 27. h4 Qd5 28. Rd1 Qc6 29. Qg4 g6 30. Rf1 h5 31. Qh3 Qc2 32. Qd7 Rf8 33. Qd5 Nc3 34. Qe5 Ne2+ 35. Kh1 Nxd4 36. Qxd4 Qxa2 37. Ra1 Qxb3 38. Qa7 Qb2 39. Rxa3 Qc1+ 40. Kh2 Qf4+ 41. g3 Qf5 42. Rb3 Qg4 0-1

[Event "EIBCC 2019"]
[Site "Tallinn"]
[Date "2019.12.07"]
[Round "15.2"]
[White "Popov, Valerij"]
[Black "Mamedov, Rauf"]
[Result "1-0"]
[WhiteElo "2547"]
[BlackElo "2670"]
[Annotator "ChessBase"]
[PlyCount "87"]
[EventDate "2019.12.06"]
[EventType "swiss"]
[EventCountry "EST"]
[SourceTitle "playchess.com"]
[Source "ChessBase"]
[SourceQuality "1"]

1. Nf3 c5 2. c4 g6 3. e4 Bg7 4. d4 cxd4 5. Nxd4 Nc6 6. Be3 Qb6 7. Nb3 Qd8 8. Nd4 Qb6 9. Nb3 Qd8 10. Nd4 d6 11. Nc3 Nf6 12. Be2 O-O 13. O-O Nxd4 14. Bxd4 Bd7 15. b4 Rc8 16. f3 Be6 17. Nd5 Bxd5 18. exd5 a5 19. a3 Re8 20. Qd2 Nd7 21. Rfd1 Bxd4+ 22. Qxd4 Qc7 23. f4 Ra8 24. h4 b6 25. h5 Nf6 26. h6 Rec8 27. g4 Qd7 28. g5 Ne8 29. Kg2 Qa4 30. b5 Qc2 31. Rd2 Qf5 32. Kg3 Qd7 33. Bg4 Qd8 34. Bxc8 Rxc8 35. Re1 Rc7 36. Re4 Qc8 37. Rde2 Qd8 38. Qe3 Kf8 39. Qxb6 Qc8 40. Qd4 Kg8 41. Rxe7 Rxe7 42. Rxe7 f6 43. Qe4 Kf8 44. Qe6 1-0

[Event "EIBCC 2019"]
[Site "Tallinn"]
[Date "2019.12.07"]
[Round "15.3"]
[White "Guseinov, Gadir"]
[Black "Turov, Maxim"]
[Result "0-1"]
[WhiteElo "2593"]
[BlackElo "2535"]
[Annotator "ChessBase"]
[PlyCount "113"]
[EventDate "2019.12.06"]
[EventType "swiss"]
[EventCountry "EST"]
[SourceTitle "playchess.com"]
[Source "ChessBase"]
[SourceQuality "1"]

1. e4 c6 2. d4 d5 3. Nd2 dxe4 4. Nxe4 Nf6 5. Ng5 h6 6. N5f3 Bf5 7. Bc4 e6 8. Ne2 Nbd7 9. O-O Bd6 10. Re1 O-O 11. Bf4 Bxf4 12. Nxf4 Nd5 13. Nxd5 exd5 14. Bd3 Qf6 15. Ne5 Rfe8 16. Qh5 Bxd3 17. cxd3 Nxe5 18. dxe5 Qg5 19. Qxg5 hxg5 20. d4 f6 21. exf6 gxf6 22. f3 Kf7 23. Kf2 Rxe1 24. Rxe1 Rh8 25. h3 Rh4 26. Ke3 Ke6 27. Kd3+ Kd7 28. b4 b6 29. Re2 Rh8 30. Re1 Rh4 31. Rc1 Rh8 32. Rc3 Kd6 33. Ra3 Rh7 34. Rc3 Rh8 35. Rc1 Ra8 36. f4 a5 37. fxg5 fxg5 38. a3 axb4 39. axb4 Ra4 40. Rb1 Ra2 41. Rg1 Ra3+ 42. Kc2 Rg3 43. Kd2 Rb3 44. g3 Rxb4 45. Kc3 Rc4+ 46. Kd3 c5 47. dxc5+ bxc5 48. Rf1 Ra4 49. Ke3 Ra3+ 50. Kf2 c4 51. Rh1 d4 52. h4 g4 53. h5 Ra2+ 54. Kg1 Ra1+ 55. Kg2 Rxh1 56. Kxh1 Ke6 57. Kg2 0-1

[Event "EIBCC 2019"]
[Site "Tallinn"]
[Date "2019.12.07"]
[Round "15.4"]
[White "Morozevich, Alexander"]
[Black "Usmanov, Vasily"]
[Result "1-0"]
[WhiteElo "2712"]
[BlackElo "2495"]
[Annotator "TA"]
[PlyCount "73"]
[EventDate "2019.12.06"]
[EventType "swiss"]
[EventCountry "EST"]
[SourceTitle "playchess.com"]
[Source "ChessBase"]
[SourceQuality "1"]

1. e4 e5 2. Nf3 Nf6 3. d3 Nc6 4. g3 d5 5. exd5 Nxd5 6. Bg2 g6 7. O-O Bg7 8. Nc3 Nxc3 9. bxc3 O-O 10. Nd2 Re8 11. Rb1 Qd7 12. Ne4 b6 13. Qf3 Bb7 14. Nc5 bxc5 15. Rxb7 Na5 16. Rb1 Rab8 17. Be3 Rxb1 18. Rxb1 Qa4 19. Qd1 c4 20. Bxa7 Rd8 21. Bc5 f5 22. g4 e4 23. d4 Nc6 24. gxf5 gxf5 25. Rb7 Kh8 26. Rxc7 Rg8 27. Kh1 Bf6 28. Bd6 Qb5 29. h3 Qd5 30. Qh5 Rg7 31. Rxg7 Kxg7 32. Bf4 Qb5 33. Qh6+ Kf7 34. Qxh7+ Ke6 35. Qg8+ Ke7 36. d5 Nd8 37. Qh7+ 1-0

[Event "EIBCC 2019"]
[Site "Tallinn"]
[Date "2019.12.07"]
[Round "15.5"]
[White "Yuffa, Daniil"]
[Black "Andriasian, Zaven"]
[Result "0-1"]
[WhiteElo "2582"]
[BlackElo "2766"]
[Annotator "TA"]
[PlyCount "114"]
[EventDate "2019.12.06"]
[EventType "swiss"]
[EventCountry "EST"]
[SourceTitle "playchess.com"]
[Source "ChessBase"]
[SourceQuality "1"]

1. d4 d6 2. Nf3 Bg4 3. c4 Nd7 4. g3 Bxf3 5. exf3 c6 6. d5 g6 7. Nc3 Bg7 8. Be2 Ngf6 9. O-O O-O 10. Be3 Re8 11. f4 Qa5 12. a3 a6 13. g4 Nf8 14. Bf3 Rac8 15. g5 N6d7 16. b4 Qc7 17. Rc1 c5 18. Ne4 b6 19. Qd2 cxb4 20. axb4 a5 21. h4 axb4 22. Qxb4 Nc5 23. Nxc5 bxc5 24. Qd2 Rb8 25. Rb1 Nd7 26. h5 Rxb1 27. Rxb1 Rb8 28. Re1 Nb6 29. Qd3 Na4 30. hxg6 hxg6 31. f5 Nb2 32. Qe4 gxf5 33. Qxf5 Nxc4 34. Be4 Ne5 35. Qh7+ Kf8 36. Qh3 Rb3 37. Qf5 Qd7 38. Qxd7 Nxd7 39. Bf4 Be5 40. Be3 c4 41. Rc1 c3 42. Ra1 Nc5 43. Bxc5 dxc5 44. Ra8+ Kg7 45. Ra7 Rb4 46. Bf5 Rb2 47. Rxe7 Bd4 48. g6 Rxf2 49. Rxf7+ Kh6 50. Rh7+ Kg5 51. g7 Rxf5+ 52. Kg2 Bxg7 53. Rxg7+ Kf4 54. Rg3 Rg5 55. Rxg5 Kxg5 56. d6 Kf6 57. Kf3 c2 0-1

[Event "EIBCC 2019"]
[Site "Tallinn"]
[Date "2019.12.07"]
[Round "15.6"]
[White "Saric, Ante"]
[Black "Riazantsev, Alexander"]
[Result "1-0"]
[WhiteElo "2577"]
[BlackElo "2635"]
[Annotator "ChessBase"]
[PlyCount "115"]
[EventDate "2019.12.06"]
[EventType "swiss"]
[EventCountry "EST"]
[SourceTitle "playchess.com"]
[Source "ChessBase"]
[SourceQuality "1"]

1. Nf3 d5 2. d4 Nf6 3. c4 e6 4. g3 Bb4+ 5. Bd2 a5 6. Bg2 O-O 7. Qc2 c5 8. cxd5 cxd4 9. Nxd4 Qb6 10. e3 exd5 11. O-O Nc6 12. Bc3 Be6 13. Rc1 Bxc3 14. bxc3 Nxd4 15. cxd4 Rfc8 16. Nc3 Rc6 17. Na4 Qb4 18. Qb3 Qxb3 19. axb3 Rac8 20. Rxc6 Rxc6 21. Bf1 Ne4 22. Ra2 Rc1 23. Kg2 Ng5 24. h4 Bh3+ 25. Kh2 Bxf1 26. hxg5 h6 27. gxh6 gxh6 28. Nb6 Bd3 29. Nxd5 Kg7 30. Rxa5 Be4 31. g4 Rc6 32. b4 Rc2 33. Kg3 Rb2 34. f3 Bxd5 35. Rxd5 Rxb4 36. Kf4 b5 37. Rd6 Rb1 38. Rb6 b4 39. d5 b3 40. e4 b2 41. Ke5 f6+ 42. Kf5 Rf1 43. Rb7+ Kg8 44. Rxb2 Rxf3+ 45. Kg6 Kf8 46. Rb6 Rg3 47. Rxf6+ Ke7 48. Rf4 Kd6 49. Kf5 Rg1 50. Rf2 Rg3 51. Rd2 Rf3+ 52. Kg6 Rf4 53. e5+ Kxe5 54. d6 Rxg4+ 55. Kf7 Rf4+ 56. Ke7 Ra4 57. d7 Ra7 58. Rh2 1-0

[Event "EIBCC 2019"]
[Site "Tallinn"]
[Date "2019.12.07"]
[Round "15.7"]
[White "Sanal, Vahap"]
[Black "Demidov, Mikhail"]
[Result "0-1"]
[WhiteElo "2563"]
[BlackElo "2631"]
[Annotator "RC"]
[PlyCount "86"]
[EventDate "2019.12.06"]
[EventType "swiss"]
[EventCountry "EST"]
[SourceTitle "playchess.com"]
[Source "ChessBase"]
[SourceQuality "1"]

1. e4 e6 2. d4 d5 3. Nd2 dxe4 4. Nxe4 Bd7 5. c4 Bc6 6. Nc3 Nf6 7. Nf3 Bxf3 8. Qxf3 c6 9. Be3 Nbd7 10. O-O-O Bb4 11. g4 h6 12. Bd2 Qa5 13. a3 Bxc3 14. Bxc3 Qg5+ 15. Bd2 Qxg4 16. Qe3 Qe4 17. Qg3 Qg4 18. Qe3 O-O-O 19. f3 Qh4 20. d5 Nb6 21. dxc6 bxc6 22. Qc3 Kb7 23. a4 Nxa4 24. Qb4+ Nb6 25. Rg1 Rhg8 26. f4 Qf2 27. Bg2 Qd4 28. b3 Qa1+ 29. Kc2 Qa2+ 30. Kc1 Rd3 31. Qc5 Rc8 32. Qa5 Qxb3 33. Bf1 Nxc4 34. Qa1 Rxd2 35. Rxd2 Nxd2 36. Rxg7 Nxf1 37. Rxf7+ Rc7 38. Rxc7+ Kxc7 39. Qxa7+ Kd8 40. Qd4+ Nd5 41. Qh8+ Kc7 42. Qg7+ Kb6 43. Qd4+ c5 0-1

[Event "EIBCC 2019"]
[Site "Tallinn"]
[Date "2019.12.07"]
[Round "15.8"]
[White "Esipenko, Andrey"]
[Black "Lintchevski, Daniil"]
[Result "1/2-1/2"]
[WhiteElo "2582"]
[BlackElo "2553"]
[Annotator "ChessBase"]
[PlyCount "132"]
[EventDate "2019.12.06"]
[EventType "swiss"]
[EventCountry "EST"]
[SourceTitle "playchess.com"]
[Source "ChessBase"]
[SourceQuality "1"]

1. d4 d5 2. c4 dxc4 3. e3 Nf6 4. Bxc4 e6 5. Nf3 c5 6. O-O a6 7. b3 cxd4 8. Nxd4 Bd7 9. Bb2 Nc6 10. Nf3 Be7 11. Nbd2 O-O 12. Rc1 Qa5 13. a3 Rfd8 14. b4 Qh5 15. Qe2 Be8 16. h3 Rac8 17. Rfd1 h6 18. Bd3 Na7 19. Nc4 Ba4 20. Re1 Bb5 21. Red1 Ba4 22. Rd2 Bb5 23. Nd4 Qxe2 24. Bxe2 Ne4 25. Rdd1 Bf6 26. Nxb5 Nxb5 27. Rxd8+ Rxd8 28. Bxf6 gxf6 29. Bf3 Nbc3 30. Rc2 f5 31. Na5 Rd7 32. Nb3 b6 33. Nd4 a5 34. g4 fxg4 35. hxg4 axb4 36. axb4 Ra7 37. Bxe4 Nxe4 38. f3 Nf6 39. e4 Ra4 40. Rc8+ Kg7 41. Rc7 Kg6 42. Nc6 Ne8 43. Rd7 Kf6 44. e5+ Kg6 45. Rb7 Ra2 46. Kf1 Rc2 47. Rxb6 Nc7 48. Ne7+ Kg5 49. Rc6 Rxc6 50. Nxc6 Kf4 51. Kf2 Nb5 52. Nd8 Nd4 53. Nxf7 Nxf3 54. b5 Nd4 55. b6 Nc6 56. b7 Kxg4 57. Nxh6+ Kf4 58. Nf7 Nb8 59. Kg2 Ke4 60. Kg3 Kd5 61. Kf4 Kc6 62. Nd8+ Kd7 63. Nf7 Kc7 64. Nd6 Nd7 65. Ke4 Kb8 66. Kf4 Kc7 1/2-1/2

[Event "EIBCC 2019"]
[Site "Tallinn"]
[Date "2019.12.07"]
[Round "15.9"]
[White "Kulaots, Kaido"]
[Black "Sebenik, Matej"]
[Result "0-1"]
[WhiteElo "2562"]
[BlackElo "2457"]
[Annotator "TA"]
[PlyCount "91"]
[EventDate "2019.12.06"]
[EventType "swiss"]
[EventCountry "EST"]
[SourceTitle "playchess.com"]
[Source "ChessBase"]
[SourceQuality "1"]

1. e4 e6 2. d4 d5 3. Nc3 Nf6 4. Bg5 dxe4 5. Nxe4 Nbd7 6. Nf3 h6 7. Nxf6+ Nxf6 8. Be3 Bd6 9. Bd3 b6 10. Qe2 Bb7 11. O-O-O Nd5 12. Bd2 Qe7 13. Kb1 O-O-O 14. Ba6 c5 15. Bxb7+ Qxb7 16. dxc5 Bxc5 17. Ne5 Bd6 18. Qc4+ Bc5 19. b4 Qc7 20. f4 Bxb4 21. Qxc7+ Kxc7 22. Nxf7 Bxd2 23. Rxd2 Nc3+ 24. Kc1 Nxa2+ 25. Kd1 Rxd2+ 26. Kxd2 Rf8 27. Ne5 Rxf4 28. Nd3 Ra4 29. c3 Nxc3 30. Kxc3 Ra2 31. g3 Kd6 32. h4 a5 33. Rd1 Ke7 34. h5 Rh2 35. g4 Rh3 36. Kd4 Kf6 37. Ne5 Rb3 38. Rf1+ Kg5 39. Rf7 Rb4+ 40. Ke3 a4 41. Nd3 Rb3 42. Rxg7+ Kh4 43. Rg6 a3 44. Rf6 a2 45. Rf1 Rb1 46. Kd4 0-1

[Event "EIBCC 2019"]
[Site "Tallinn"]
[Date "2019.12.07"]
[Round "15.10"]
[White "Nguyen, Thai Dai Van"]
[Black "Stupak, Kirill"]
[Result "1/2-1/2"]
[WhiteElo "2419"]
[BlackElo "2459"]
[Annotator "ChessBase"]
[PlyCount "82"]
[EventDate "2019.12.06"]
[EventType "swiss"]
[EventCountry "EST"]
[SourceTitle "playchess.com"]
[Source "ChessBase"]
[SourceQuality "1"]

1. d4 Nf6 2. c4 e6 3. Nc3 Bb4 4. f3 c5 5. d5 O-O 6. e4 b5 7. Nh3 bxc4 8. Bxc4 exd5 9. Bxd5 Nxd5 10. Qxd5 Nc6 11. O-O Ba6 12. Rd1 Nd4 13. Kh1 Qb6 14. Bf4 Qe6 15. Ng5 Qg6 16. Qd6 h6 17. Qxg6 fxg6 18. Nh3 Bxc3 19. bxc3 Ne6 20. Be3 Bb5 21. Rab1 Ba4 22. Rd2 Rab8 23. Rdb2 Rxb2 24. Rxb2 Bc6 25. Kg1 d5 26. exd5 Bxd5 27. Rd2 Bc4 28. Nf2 Rb8 29. Ne4 Rb1+ 30. Kf2 Ra1 31. Nxc5 Nxc5 32. Bxc5 Rxa2 33. Rxa2 Bxa2 34. Bxa7 g5 35. Ke3 Kf7 36. Kd4 Ke6 37. Bc5 h5 38. Bf8 g6 39. g4 Bd5 40. gxh5 gxh5 41. Bh6 Bxf3 1/2-1/2

[Event "EIBCC 2019"]
[Site "Tallinn"]
[Date "2019.12.07"]
[Round "15.11"]
[White "Lobanov, Sergei"]
[Black "Postny, Evgeny"]
[Result "0-1"]
[WhiteElo "2394"]
[BlackElo "2661"]
[Annotator "ChessBase"]
[PlyCount "60"]
[EventDate "2019.12.06"]
[EventType "swiss"]
[EventCountry "EST"]
[SourceTitle "playchess.com"]
[Source "ChessBase"]
[SourceQuality "1"]

1. e4 e5 2. Nf3 Nc6 3. Bb5 a6 4. Ba4 Nf6 5. O-O Be7 6. Re1 b5 7. Bb3 d6 8. c3 O-O 9. h3 Nb8 10. d4 Nbd7 11. c4 c6 12. a3 Qc7 13. Nc3 Bb7 14. Be3 Rfe8 15. Rc1 exd4 16. Nxd4 Nc5 17. cxb5 axb5 18. Bc2 Bf8 19. Bg5 Nfd7 20. Bb1 Qb6 21. Be3 Qd8 22. Nf5 Ne5 23. Bf4 Bc8 24. Nd4 Qb6 25. Nce2 Nc4 26. b3 Nxa3 27. b4 Nxb1 28. bxc5 dxc5 29. Rxb1 cxd4 30. Qxd4 Bc5 0-1

[Event "EIBCC 2019"]
[Site "Tallinn"]
[Date "2019.12.07"]
[Round "15.12"]
[White "Pershin, Denis"]
[Black "Motylev, Alexander"]
[Result "0-1"]
[WhiteElo "2359"]
[BlackElo "2629"]
[Annotator "ChessBase"]
[PlyCount "73"]
[EventDate "2019.12.06"]
[EventType "swiss"]
[EventCountry "EST"]
[SourceTitle "playchess.com"]
[Source "ChessBase"]
[SourceQuality "1"]

1. d4 d5 2. c4 e6 3. Nc3 Nf6 4. cxd5 exd5 5. Bg5 Be7 6. e3 c6 7. Bd3 Nbd7 8. h3 Nf8 9. Bh4 Bd6 10. Nge2 Ng6 11. Bg3 O-O 12. O-O Re8 13. Bxd6 Qxd6 14. Ng3 Bd7 15. Rb1 a5 16. a3 Nh4 17. e4 dxe4 18. Ncxe4 Nxe4 19. Bxe4 g6 20. d5 c5 21. Re1 Re5 22. Qd2 a4 23. Qf4 Qe7 24. d6 Qg5 25. Qxg5 Rxg5 26. Bxb7 Ra7 27. Be4 Re5 28. Rbd1 Ra6 29. f3 Re6 30. Rd5 f5 31. Bd3 Rxe1+ 32. Kf2 Rb6 33. Kxe1 Nxg2+ 34. Kd2 Nf4 35. Rxc5 Rxd6 36. Rc3 Bb5 37. Ke3 0-1

[Event "EIBCC 2019"]
[Site "Tallinn"]
[Date "2019.12.07"]
[Round "15.13"]
[White "Ziska, Helgi Dam"]
[Black "Studer, Noel"]
[Result "1-0"]
[WhiteElo "2614"]
[BlackElo "2394"]
[Annotator "ChessBase"]
[PlyCount "174"]
[EventDate "2019.12.06"]
[EventType "swiss"]
[EventCountry "EST"]
[SourceTitle "playchess.com"]
[Source "ChessBase"]
[SourceQuality "1"]

1. e4 e6 2. d3 d5 3. Nd2 Nf6 4. Ngf3 Nc6 5. c3 e5 6. b4 a6 7. a3 Bd6 8. Be2 O-O 9. O-O Ne7 10. Re1 c6 11. Nf1 Ng6 12. Ng3 Nf4 13. Bf1 Re8 14. h3 Bc7 15. d4 Nxe4 16. Nxe4 dxe4 17. Rxe4 Bf5 18. Rxe5 Bxe5 19. Nxe5 Ng6 20. Nd3 Qc7 21. g3 Rad8 22. h4 Qc8 23. h5 Bg4 24. f3 Bxh5 25. g4 Nh4 26. gxh5 Qf5 27. f4 Qe4 28. Ra2 Rd5 29. Ne5 f6 30. Qg4 fxe5 31. Qxh4 Qb1 32. Rg2 Qxc1 33. Qg3 Rd7 34. fxe5 Qh6 35. Bc4+ Kh8 36. e6 Rde7 37. Qe5 Rf8 38. Kh2 Qf6 39. Qxf6 Rxf6 40. Kg3 g6 41. Rh2 gxh5 42. Rxh5 Kg7 43. a4 Rg6+ 44. Kf4 Re8 45. Ke5 Rg3 46. Kd6 Rxc3 47. Kd7 Rh8 48. Be2 Re3 49. Bg4 Re4 50. Rg5+ Kf6 51. Rf5+ Kg6 52. d5 cxd5 53. e7 Rxe7+ 54. Kxe7 h5 55. Bh3 Rh7+ 56. Ke6 Rc7 57. Rxd5 Rc3 58. Bf5+ Kg5 59. b5 Re3+ 60. Be4+ Kf4 61. Rxh5 Rxe4+ 62. Kd6 axb5 63. axb5 Ke3 64. Kc5 Re7 65. Kb6 Kd4 66. Rh1 Kc4 67. Rc1+ Kb4 68. Rb1+ Kc4 69. Ka7 Kc5 70. b6 Kc6 71. Rc1+ Kd6 72. Kb8 Kd5 73. Rc7 Re1 74. Kxb7 Kd6 75. Rc2 Rb1 76. Ka7 Ra1+ 77. Kb8 Rb1 78. Kb7 Rb3 79. Rc4 Kd5 80. Ra4 Kc5 81. Ra5+ Kd6 82. Ra1 Rb2 83. Rd1+ Ke7 84. Rd4 Ke6 85. Kc7 Ke5 86. Rc4 Kd5 87. Rc1 Rh2 1-0

[Event "EIBCC 2019"]
[Site "Tallinn"]
[Date "2019.12.07"]
[Round "15.14"]
[White "Duzhakov, Ilya"]
[Black "Gretarsson, Helgi Ass"]
[Result "1-0"]
[WhiteElo "2346"]
[BlackElo "2523"]
[Annotator "ChessBase"]
[PlyCount "109"]
[EventDate "2019.12.06"]
[EventType "swiss"]
[EventCountry "EST"]
[SourceTitle "playchess.com"]
[Source "ChessBase"]
[SourceQuality "1"]

1. d4 g6 2. e4 Bg7 3. Nc3 d6 4. Be3 a6 5. Qd2 b5 6. a4 b4 7. Nce2 Bb7 8. Ng3 a5 9. c3 Nf6 10. f3 bxc3 11. bxc3 Nbd7 12. Bd3 h5 13. h4 Nb6 14. Nh3 O-O 15. Bh6 Bc8 16. Bxg7 Kxg7 17. Ng5 e5 18. O-O Qe7 19. f4 Bg4 20. Rf2 Bd7 21. fxe5 dxe5 22. Raf1 Ng4 23. Rxf7+ Rxf7 24. Rxf7+ Qxf7 25. Nxf7 Kxf7 26. Qg5 Bxa4 27. Nxh5 Bd7 28. Ng3 a4 29. h5 a3 30. hxg6+ Ke6 31. Nf5 Nf6 32. d5+ Nbxd5 33. exd5+ Nxd5 34. g7 a2 35. g8=Q+ Rxg8 36. Qxg8+ Kf6 37. Qa8 Nxc3 38. Qa3 Bxf5 39. Bxf5 Ne2+ 40. Kh2 Kxf5 41. Qxa2 Nd4 42. Qf7+ Kg5 43. Qxc7 Nf5 44. Qxe5 Kg4 45. Qe4+ Kg5 46. g3 Nh6 47. Qe5+ Kg6 48. Kg2 Nf7 49. Qe6+ Kg7 50. g4 Ng5 51. Qe5+ Kg6 52. Qf5+ Kh6 53. Qf6+ Kh7 54. Qxg5 Kh8 55. Qe7 1-0